[Event "Norway Chess - Lampo iniziale"]
[Site "Stavanger"]
[Date "18.04.2016"]
[Round "L1"]
[White "Grandelius, Nils"]
[Black "Li, Chao b"]
[Result "1/2-1/2"]
[WhiteTitle "GM"]
[BlackTitle "GM"]
[WhiteElo "2649"]
[BlackElo "2755"]
[WhiteFideId "1710400"]
[BlackFideId "8604436"]
[EventDate "2016.04.18"]

1. c4 g6 2. g3 Bg7 3. Bg2 c5 4. Nc3 Nc6 5. Nf3 d6 6. O-O e6 7. e3 Nge7 8. d4 O-O
9. d5 Na5 10. Nd2 exd5 11. cxd5 b5 12. Nxb5 Ba6 13. a4 Rb8 14. Qc2 Bxb5 15. axb5
Rxb5 16. Rd1 Qb6 17. Qa4 Nb3 18. Nxb3 Rxb3 19. Qxa7 Nf5 20. Qxb6 Rxb6 21. Bh3
Bxb2 22. Bxb2 Rxb2 23. Bxf5 gxf5 24. Ra6 Rd8 25. Rc1 Rd2 26. Kg2 Rxd5 27. Kf3
Kg7 28. h3 Kf6 29. Rc4 Re5 30. Ke2 Re6 31. Rh4 Kg6 32. Rc4 Rb8 33. Rc2 Kf6 34.
Rc6 Rb7 35. Rd2 Ke7 36. Rd5 Rf6 37. Rd2 Rd7 38. Kf3 Re6 39. Rd5 Re5 40. Rcxc5 f6
41. Ra5 Ke6 42. Rxe5+ fxe5 43. Ra6 Rb7 44. Ra8 Rd7 45. Ra6 Rb7 46. Ra8 Rd7 47.
Ra6 1/2-1/2

[Event "Norway Chess - Lampo iniziale"]
[Site "Stavanger"]
[Date "18.04.2016"]
[Round "L1"]
[White "Giri, Anish"]
[Black "Eljanov, Pavel"]
[Result "1-0"]
[WhiteTitle "GM"]
[BlackTitle "GM"]
[WhiteElo "2790"]
[BlackElo "2765"]
[WhiteFideId "24116068"]
[BlackFideId "14102951"]
[EventDate "2016.04.18"]

1. e4 e5 2. Nf3 Nc6 3. Bb5 Nf6 4. d3 Bc5 5. Bxc6 dxc6 6. Nbd2 O-O 7. Qe2 Nd7 8.
Nc4 Re8 9. Bg5 f6 10. Bd2 Nf8 11. O-O-O Be6 12. Kb1 Qd7 13. Rhg1 a5 14. g4 Bxg4
15. Rg3 Ng6 16. Rdg1 Bh5 17. Qf1 Bf8 18. Ne3 Nf4 19. Nf5 g6 20. Bxf4 exf4 21.
Rh3 Bxf3 22. Rxf3 Kh8 23. Qg2 Qf7 24. Nh4 Bd6 25. Rh3 g5 26. Nf5 a4 27. Rh6 Rg8
28. Qf3 Rg6 29. h4 Rxh6 30. Nxh6 Qg6 31. Nf5 a3 32. b3 Rg8 33. hxg5 fxg5 34. Qg4
c5 35. Rh1 Qf6 36. Rxh7+ 1-0

[Event "Norway Chess - Lampo iniziale"]
[Site "Stavanger"]
[Date "18.04.2016"]
[Round "L1"]
[White "Topalov, Veselin"]
[Black "Kramnik, Vladimir"]
[Result "0-1"]
[WhiteTitle "GM"]
[BlackTitle "GM"]
[WhiteElo "2754"]
[BlackElo "2801"]
[WhiteFideId "2900084"]
[BlackFideId "4101588"]
[EventDate "2016.04.18"]

1. c4 e6 2. Nc3 d5 3. d4 Nf6 4. cxd5 Nxd5 5. g3 c5 6. Bg2 Nxc3 7. bxc3 cxd4 8.
Qxd4 Nc6 9. Bxc6+ bxc6 10. Qxd8+ Kxd8 11. Nf3 f6 12. Nd4 Kc7 13. Nb3 e5 14. f4
Bd6 15. Be3 Re8 16. Kf2 Ba6 17. Rhe1 Bc4 18. Rab1 exf4 19. Bxf4 Bxf4 20. gxf4
Rab8 0-1

[Event "Norway Chess - Lampo iniziale"]
[Site "Stavanger"]
[Date "18.04.2016"]
[Round "L1"]
[White "Aronian, Levon"]
[Black "Harikrishna, Pentala"]
[Result "1-0"]
[WhiteTitle "GM"]
[BlackTitle "GM"]
[WhiteElo "2784"]
[BlackElo "2763"]
[WhiteFideId "13300474"]
[BlackFideId "5007003"]
[EventDate "2016.04.18"]

1. d4 Nf6 2. c4 e6 3. Nc3 d5 4. cxd5 exd5 5. Bg5 c6 6. e3 Bf5 7. Qf3 Bg6 8. Bxf6
Qxf6 9. Qxf6 gxf6 10. Nf3 Nd7 11. Nh4 Be7 12. Kd2 f5 13. g3 Bxh4 14. gxh4 Ke7
15. Ne2 Nf6 16. Nf4 Nh5 17. Nh3 f4 18. Nxf4 Nxf4 19. exf4 Rhg8 20. Rg1 Bf5 21.
Rg5 Kf6 22. Re1 h6 23. Rg3 Rg4 24. Rxg4 Bxg4 25. Bd3 Rg8 26. Rg1 Rg7 27. Rg3 Bd7
28. f3 Be6 29. b4 b5 30. Ke3 Bd7 31. f5 Bc8 32. Kf4 Bd7 33. Rxg7 Kxg7 34. Ke5 1-0

[Event "Norway Chess - Lampo iniziale"]
[Site "Stavanger"]
[Date "18.04.2016"]
[Round "L2"]
[White "Harikrishna, Pentala"]
[Black "Giri, Anish"]
[Result "0-1"]
[WhiteTitle "GM"]
[BlackTitle "GM"]
[WhiteElo "2763"]
[BlackElo "2790"]
[WhiteFideId "5007003"]
[BlackFideId "24116068"]
[EventDate "2016.04.18"]

1. e4 c5 2. Nf3 d6 3. d4 cxd4 4. Nxd4 Nf6 5. Nc3 a6 6. a3 e5 7. Nf3 b5 8. Bg5
Be7 9. Bxf6 Bxf6 10. a4 b4 11. Nd5 Nc6 12. Bc4 O-O 13. Nxf6+ Qxf6 14. Bd5 Bb7
15. Qd2 Rab8 16. O-O h6 17. Rfd1 Rfd8 18. a5 Ne7 19. Bxb7 Rxb7 20. Qe3 Rc8 21.
Rd2 Rc6 22. g3 Qe6 23. Kg2 Rbc7 24. Rad1 Kh7 25. Qb3 Qxb3 26. cxb3 Nc8 27. Rd3
Rc2 28. R1d2 R2c5 29. Rd5 Rxd5 30. Rxd5 Rc2 31. Nd2 Rxb2 32. Nc4 Rxb3 33. Nxd6
Rc3 34. Nxf7 b3 35. Rd7 b2 36. Rb7 Rc7 37. Rxb2 Rxf7 38. Rc2 Nd6 39. f3 Nb5 40.
Rc6 Rf6 41. Rc5 Re6 42. Kf2 Kg6 43. Ke3 Kf6 44. f4 g5 45. f5 Rd6 46. Rc8 Nd4 47.
Rf8+ Ke7 48. Rh8 Nb3 49. Rh7+ Kf8 50. Kf3 Nxa5 51. Kg4 Nc4 52. Kh5 Nd2 53. Rh8+
Kg7 54. Re8 Nxe4 55. Re7+ Kf6 0-1

[Event "Norway Chess - Lampo iniziale"]
[Site "Stavanger"]
[Date "18.04.2016"]
[Round "L2"]
[White "Carlsen, Magnus"]
[Black "Eljanov, Pavel"]
[Result "1-0"]
[WhiteTitle "GM"]
[BlackTitle "GM"]
[WhiteElo "2851"]
[BlackElo "2765"]
[WhiteFideId "1503014"]
[BlackFideId "14102951"]
[EventDate "2016.04.18"]

1. e4 e5 2. Nf3 Nc6 3. Bb5 Nf6 4. d3 Bc5 5. c3 O-O 6. O-O d6 7. h3 a6 8. Bxc6
bxc6 9. Re1 Bb6 10. Nbd2 a5 11. Nc4 h6 12. d4 exd4 13. cxd4 Re8 14. Qc2 c5 15.
d5 a4 16. Bd2 Bd7 17. Bc3 Bb5 18. b3 Nd7 19. Nfd2 Qe7 20. Re3 c6 21. Rg3 f6 22.
Ne3 Qf8 23. Nf5 g5 24. dxc6 Bxc6 25. Rd1 Ne5 26. Bxe5 Rxe5 27. Re3 Bc7 28. Nc4
Re6 29. Qe2 axb3 30. axb3 Kh7 31. Qh5 Be8 32. Qg4 Qf7 33. Nfxd6 Bxd6 34. Nxd6
Qe7 35. e5 fxe5 36. Qe4+ 1-0

[Event "Norway Chess - Lampo iniziale"]
[Site "Stavanger"]
[Date "18.04.2016"]
[Round "L2"]
[White "Kramnik, Vladimir"]
[Black "Aronian, Levon"]
[Result "1/2-1/2"]
[WhiteTitle "GM"]
[BlackTitle "GM"]
[WhiteElo "2801"]
[BlackElo "2784"]
[WhiteFideId "4101588"]
[BlackFideId "13300474"]
[EventDate "2016.04.18"]

1. d4 Nf6 2. Nf3 d5 3. Bg5 c5 4. e3 Nc6 5. dxc5 e6 6. Bd3 Bxc5 7. Nbd2 Be7 8.
O-O O-O 9. c4 h6 10. Bh4 b6 11. Rc1 Bb7 12. a3 dxc4 13. Nxc4 b5 14. Nce5 Nxe5
15. Nxe5 Qd5 16. Qf3 Qxf3 17. Nxf3 Bxf3 18. gxf3 a6 19. Rc7 Bd6 20. Rc6 Be5 21.
b3 Rfd8 22. Rd1 g5 23. Bg3 Bxg3 24. hxg3 Kg7 25. Kf1 Nd5 26. Ke2 b4 27. axb4
Nxb4 28. Rc4 Nxd3 29. Rxd3 Rxd3 30. Kxd3 Rb8 31. b4 Rb5 32. f4 a5 33. Ke4 1/2-1/2

[Event "Norway Chess - Lampo iniziale"]
[Site "Stavanger"]
[Date "18.04.2016"]
[Round "L2"]
[White "Li, Chao b"]
[Black "Topalov, Veselin"]
[Result "1-0"]
[WhiteTitle "GM"]
[BlackTitle "GM"]
[WhiteElo "2755"]
[BlackElo "2754"]
[WhiteFideId "8604436"]
[BlackFideId "2900084"]
[EventDate "2016.04.18"]

1. d4 Nf6 2. c4 e6 3. g3 d5 4. Bg2 Bb4+ 5. Nd2 O-O 6. Nf3 b6 7. O-O Bb7 8. Ne5
Be7 9. cxd5 Bxd5 10. Ndf3 Nbd7 11. Bf4 Nxe5 12. Bxe5 c5 13. Rc1 h6 14. a3 a5 15.
Qa4 Qd7 16. Qxd7 Nxd7 17. Rfd1 Rac8 18. dxc5 Nxc5 19. Nd4 Rfd8 20. Nb5 Bxg2 21.
Kxg2 Bf6 22. Bxf6 gxf6 23. g4 Kg7 24. Kf3 h5 25. gxh5 f5 26. Nd6 Ra8 27. Nc4 Nb3
28. Rxd8 Rxd8 29. Rg1+ Kh6 30. Ne5 Nd4+ 31. Ke3 Nc2+ 32. Kf4 Rf8 33. e3 b5 34.
Rc1 Rc8 35. Nxf7+ Kg7 36. Nd6 Rc6 37. Nxb5 Kf6 38. Nc3 e5+ 39. Kg3 f4+ 40. Kh4 1-0

[Event "Norway Chess - Lampo iniziale"]
[Site "Stavanger"]
[Date "18.04.2016"]
[Round "L3"]
[White "Grandelius, Nils"]
[Black "Carlsen, Magnus"]
[Result "1/2-1/2"]
[WhiteTitle "GM"]
[BlackTitle "GM"]
[WhiteElo "2649"]
[BlackElo "2851"]
[WhiteFideId "1710400"]
[BlackFideId "1503014"]
[EventDate "2016.04.18"]

1. c4 e6 2. g3 d5 3. Bg2 Nf6 4. Nf3 dxc4 5. Qa4+ Nbd7 6. Qxc4 a6 7. Qc2 c5 8.
Nc3 Bd6 9. O-O O-O 10. d4 Qe7 11. Rd1 h6 12. Bf4 Bxf4 13. gxf4 cxd4 14. Nxd4 Rd8
15. e3 Nf8 16. Na4 Rb8 17. Qc5 Qxc5 18. Nxc5 g5 19. fxg5 hxg5 20. Nf3 Rxd1+ 21.
Rxd1 b6 22. Nb3 g4 23. Ne5 Bb7 24. Rd4 Bxg2 25. Kxg2 Rc8 26. Nxg4 Nxg4 27. Rxg4+
Ng6 28. Rb4 b5 29. a4 bxa4 30. Rxa4 Rc2 31. Nd4 Rxb2 32. Rxa6 Ne5 33. Kg3 Rb1
34. Nf3 Nxf3 35. Kxf3 Kg7 36. Ra4 Rb2 37. Rg4+ Kh6 38. Kg3 Rb1 39. h3 Rg1+ 40.
Kf4 Rf1 41. f3 Ra1 42. e4 Ra3 43. Rg3 Ra5 44. h4 Rb5 45. Rg5 Rb3 46. Ra5 Kg6 47.
h5+ Kf6 48. h6 Kg6 49. Ra7 Rb5 50. h7 Rh5 51. Ra2 1/2-1/2

[Event "Norway Chess - Lampo iniziale"]
[Site "Stavanger"]
[Date "18.04.2016"]
[Round "L3"]
[White "Aronian, Levon"]
[Black "Li, Chao b"]
[Result "1/2-1/2"]
[WhiteTitle "GM"]
[BlackTitle "GM"]
[WhiteElo "2784"]
[BlackElo "2755"]
[WhiteFideId "13300474"]
[BlackFideId "8604436"]
[EventDate "2016.04.18"]

1. d4 Nf6 2. Nf3 g6 3. Bg5 Bg7 4. e3 O-O 5. Be2 d6 6. O-O b6 7. c4 Nbd7 8. Nc3
Bb7 9. Nd2 h6 10. Bh4 d5 11. cxd5 Nxd5 12. Nxd5 Bxd5 13. Bf3 Bxf3 14. Nxf3 c5
15. Rc1 Rc8 16. Qe2 cxd4 17. Nxd4 Rxc1 18. Rxc1 Bxd4 19. exd4 Nf6 20. Rd1 Qd7
21. Bxf6 exf6 22. d5 Qd6 23. Qa6 Re8 24. h3 Re7 25. Qd3 Kg7 26. a3 a5 27. Qc4
Rc7 28. Qd3 h5 29. h4 Re7 30. g3 Rc7 31. Kg2 Re7 32. Qc4 Rc7 33. Qd4 Rd7 34. Rd3
Rc7 35. Rc3 Rc5 36. Rxc5 bxc5 37. Qe4 f5 38. Qd3 Kf6 39. Kf3 Ke5 40. Qc3+ Kxd5
41. Qb3+ Ke5 42. Qxf7 Qc6+ 43. Ke3 Qe4+ 44. Kd2 Qd4+ 45. Ke1 Qe4+ 46. Kd2 Qd4+
47. Ke1 Qe4+ 1/2-1/2

[Event "Norway Chess - Lampo iniziale"]
[Site "Stavanger"]
[Date "18.04.2016"]
[Round "L3"]
[White "Giri, Anish"]
[Black "Kramnik, Vladimir"]
[Result "1/2-1/2"]
[WhiteTitle "GM"]
[BlackTitle "GM"]
[WhiteElo "2790"]
[BlackElo "2801"]
[WhiteFideId "24116068"]
[BlackFideId "4101588"]
[EventDate "2016.04.18"]

1. e4 e5 2. Nf3 Nc6 3. Bb5 Nf6 4. d3 Bc5 5. Bxc6 dxc6 6. Nbd2 Be6 7. O-O Nd7 8.
Nb3 Bb6 9. Ng5 Bxb3 10. axb3 f6 11. Nf3 Nc5 12. Nd2 O-O 13. Nc4 Ne6 14. g3 Qd7
15. Be3 Bxe3 16. Nxe3 a5 17. Kh1 b6 18. f4 exf4 19. gxf4 Rad8 20. f5 Nc5 21. Qf3
Qd4 22. Rab1 Rfe8 23. Rg1 Rd7 24. Rg3 Ree7 25. Rbg1 Kf8 26. Qh5 Nxe4 27. dxe4
Qxe4+ 28. Ng2 h6 29. c4 Re5 30. Re3 Qxf5 31. Rxe5 Qxe5 32. Qg4 f5 33. Rf1 Rf7
34. Qd1 Kg8 35. Qd2 Kh7 36. Re1 Qf6 37. Nf4 Qh4 38. Ne6 Qg4 39. Qd3 b5 40. Rf1
a4 41. cxb5 cxb5 42. Nd4 Rd7 43. Qxf5+ Qxf5 44. Nxf5 axb3 45. Rf3 Rd1+ 46. Kg2
Rd2+ 47. Rf2 Rd5 48. Ng3 c5 49. Ne4 c4 50. Rd2 Re5 51. Nd6 Rc5 52. Rd4 c3 53.
bxc3 Rxc3 54. Rb4 Rc2+ 55. Kg3 Rc3+ 56. Kg2 Rc2+ 57. Kg3 Rc3+ 58. Kg2 1/2-1/2

[Event "Norway Chess - Lampo iniziale"]
[Site "Stavanger"]
[Date "18.04.2016"]
[Round "L3"]
[White "Eljanov, Pavel"]
[Black "Harikrishna, Pentala"]
[Result "0-1"]
[WhiteTitle "GM"]
[BlackTitle "GM"]
[WhiteElo "2765"]
[BlackElo "2763"]
[WhiteFideId "14102951"]
[BlackFideId "5007003"]
[EventDate "2016.04.18"]

1. d4 d5 2. c4 e6 3. Nf3 Nf6 4. g3 dxc4 5. Bg2 Nc6 6. Qa4 Bb4+ 7. Bd2 Bd6 8. Bc3
O-O 9. Nbd2 Bd7 10. Qxc4 b5 11. Qxb5 Nb4 12. Qxb4 Bxb4 13. Bxb4 Re8 14. Bc5 Rb8
15. b3 a6 16. O-O Bc6 17. Rfe1 Nd7 18. Ba3 e5 19. Rac1 Ba8 20. dxe5 Nxe5 21.
Nxe5 Bxg2 22. Ndf3 Bxf3 23. Nxf3 Qd5 24. Rxc7 Rbc8 25. Rcc1 Rxc1 26. Rxc1 h6 27.
Kf1 Qe4 28. Re1 Rc8 29. Bc1 Rc2 30. Be3 Rxa2 31. Rd1 Qc2 32. Rd8+ Kh7 33. Nd4
Qe4 34. Nf3 Qb1+ 35. Kg2 Qxb3 36. Nd4 Qb7+ 37. f3 Qe7 0-1

[Event "Norway Chess - Lampo iniziale"]
[Site "Stavanger"]
[Date "18.04.2016"]
[Round "L4"]
[White "Kramnik, Vladimir"]
[Black "Eljanov, Pavel"]
[Result "1-0"]
[WhiteTitle "GM"]
[BlackTitle "GM"]
[WhiteElo "2801"]
[BlackElo "2765"]
[WhiteFideId "4101588"]
[BlackFideId "14102951"]
[EventDate "2016.04.18"]

1. d4 Nf6 2. Nf3 e6 3. e3 b6 4. Bd3 Bb7 5. O-O c5 6. c4 Be7 7. Nc3 cxd4 8. exd4
d6 9. d5 e5 10. Re1 O-O 11. Rb1 Nbd7 12. b4 Ne8 13. Bc2 Rc8 14. Qe2 Ba6 15. Nd2
Bg5 16. Bb3 f5 17. Nf3 Bxc1 18. Rbxc1 Kh8 19. a4 Qe7 20. Nd4 Bb7 21. Ncb5 Ra8
22. Ne6 Rf6 23. f4 Rg6 24. fxe5 dxe5 25. c5 bxc5 26. bxc5 Ba6 27. Qf2 1-0

[Event "Norway Chess - Lampo iniziale"]
[Site "Stavanger"]
[Date "18.04.2016"]
[Round "L4"]
[White "Carlsen, Magnus"]
[Black "Harikrishna, Pentala"]
[Result "1-0"]
[WhiteTitle "GM"]
[BlackTitle "GM"]
[WhiteElo "2851"]
[BlackElo "2763"]
[WhiteFideId "1503014"]
[BlackFideId "5007003"]
[EventDate "2016.04.18"]

1. e4 c5 2. Nf3 e6 3. d4 cxd4 4. Nxd4 Nc6 5. Nc3 Qc7 6. a3 a6 7. Be3 Be7 8. f4
b5 9. Nxc6 Qxc6 10. Bd3 Bb7 11. O-O Nf6 12. Kh1 d5 13. exd5 Nxd5 14. Be4 Qd7 15.
Bxd5 Bxd5 16. Nxd5 Qxd5 17. Qxd5 exd5 18. Bd4 f6 19. g3 Kf7 20. Kg2 Rhe8 21. Kf3
Rac8 22. Rf2 Bc5 23. Rd1 Re4 24. Bxc5 Rxc5 25. Rd3 b4 26. Rxd5 Rxd5 27. Kxe4 Rb5
28. a4 Ra5 29. b3 Rc5 30. c4 bxc3 31. Rc2 Ke6 32. Kd4 Rd5+ 33. Kxc3 Kf5 34. Kc4
Rd8 35. b4 Kg4 36. b5 axb5+ 37. axb5 h5 38. b6 Rc8+ 39. Kd3 Rb8 40. Rb2 h4 41.
gxh4 Kxf4 42. b7 Ke5 43. h5 f5 1-0

[Event "Norway Chess - Lampo iniziale"]
[Site "Stavanger"]
[Date "18.04.2016"]
[Round "L4"]
[White "Li, Chao b"]
[Black "Giri, Anish"]
[Result "0-1"]
[WhiteTitle "GM"]
[BlackTitle "GM"]
[WhiteElo "2755"]
[BlackElo "2790"]
[WhiteFideId "8604436"]
[BlackFideId "24116068"]
[EventDate "2016.04.18"]

1. e4 c5 2. Nf3 d6 3. d4 cxd4 4. Nxd4 Nf6 5. Nc3 a6 6. Be2 e5 7. Nb3 Be7 8. O-O
O-O 9. Qd3 Be6 10. Bd2 Nbd7 11. Nd5 Bxd5 12. exd5 Ne8 13. c4 Bg5 14. Bxg5 Qxg5
15. Na5 b6 16. Nc6 a5 17. b3 f5 18. f4 exf4 19. Qd4 Nef6 20. Qxf4 Qxf4 21. Rxf4
g6 22. Rff1 Rae8 23. Rae1 Ne4 24. Bf3 Nd2 25. Rxe8 Rxe8 26. Rd1 Nxf3+ 27. gxf3
Kf7 28. Kf2 Kf6 29. a3 g5 30. Nd4 Ne5 31. Nb5 Nf7 32. b4 axb4 33. axb4 Ra8 34.
Re1 Ne5 35. Re2 Rd8 36. Kg2 Nxc4 37. Re6+ Kf7 38. Nd4 Re8 39. Rxe8 Kxe8 40. Nxf5
Kf7 41. Kf2 Kf6 42. Nh6 Kg6 43. Ng8 Kf7 44. Nh6+ Kg6 45. Ng8 b5 46. Ke2 Kf7 47.
Nh6+ Kg6 48. Ng8 Nb6 49. Ne7+ Kf6 50. Nc6 Nxd5 51. Na7 Nxb4 52. Nxb5 Ke5 53. Ke3
Nd5+ 54. Kd3 Nf4+ 55. Ke3 Ne6 56. Na7 Nd4 57. Nc8 d5 58. Ne7 Nf5+ 0-1

[Event "Norway Chess - Lampo iniziale"]
[Site "Stavanger"]
[Date "18.04.2016"]
[Round "L4"]
[White "Grandelius, Nils"]
[Black "Topalov, Veselin"]
[Result "1/2-1/2"]
[WhiteTitle "GM"]
[BlackTitle "GM"]
[WhiteElo "2649"]
[BlackElo "2754"]
[WhiteFideId "1710400"]
[BlackFideId "2900084"]
[EventDate "2016.04.18"]

1. c4 e6 2. g3 d5 3. Bg2 Nf6 4. Nf3 Be7 5. O-O O-O 6. b3 b6 7. Bb2 Bb7 8. e3
Nbd7 9. Qe2 c5 10. Nc3 a6 11. Rfd1 Ra7 12. cxd5 Nxd5 13. Nxd5 Bxd5 14. d4 Qa8
15. dxc5 Nxc5 16. Bd4 a5 17. Ne1 Bxg2 18. Nxg2 Rc7 19. Qg4 g6 20. Qf4 Rfc8 21.
Be5 Rd7 22. Ne1 Rd5 23. Bb2 Rcd8 24. Rxd5 Qxd5 25. Qd4 Qxd4 26. Bxd4 f6 27. Kf1
Kf7 28. Ke2 e5 29. Bxc5 Bxc5 30. Nd3 Ba3 31. Rd1 Rc8 32. Ne1 Ke6 33. Rd2 Rc1 34.
Rc2 e4 35. Rxc1 Bxc1 36. f3 f5 37. fxe4 fxe4 38. Nc2 Kd5 39. Nd4 Bb2 40. Nc2 b5
41. Kd1 h5 42. Ke2 Be5 43. Kf2 a4 44. Kg2 axb3 45. axb3 g5 46. Kf2 g4 47. Kg2
Bc3 48. Kf2 1/2-1/2

[Event "Norway Chess - Lampo iniziale"]
[Site "Stavanger"]
[Date "18.04.2016"]
[Round "L5"]
[White "Topalov, Veselin"]
[Black "Carlsen, Magnus"]
[Result "0-1"]
[WhiteTitle "GM"]
[BlackTitle "GM"]
[WhiteElo "2754"]
[BlackElo "2851"]
[WhiteFideId "2900084"]
[BlackFideId "1503014"]
[EventDate "2016.04.18"]

1. e4 e5 2. Nf3 Nc6 3. Bb5 a6 4. Ba4 g6 5. c3 d6 6. d4 Bd7 7. O-O Bg7 8. Re1 Nf6
9. Bg5 h6 10. Bh4 O-O 11. dxe5 dxe5 12. Nbd2 Qe7 13. Nf1 b5 14. Bc2 Rad8 15. Ne3
Be6 16. Qc1 Qc5 17. Re2 Rd7 18. Qe1 Nh5 19. b4 Qb6 20. Bb3 Nf4 21. Rd2 Rxd2 22.
Qxd2 a5 23. Bxe6 fxe6 24. a3 g5 25. Bg3 Rd8 26. Qa2 Kf7 27. h4 Bf6 28. hxg5 hxg5
29. Ng4 Rd3 30. Qc2 Rxc3 31. Qb2 axb4 32. axb4 Rc4 33. Bxf4 gxf4 34. Rd1 Ke7 35.
Nxf6 Kxf6 36. Rd7 Nd4 37. Nxd4 Rxd4 38. Rh7 Qc6 39. Qe2 Qc1+ 40. Kh2 Rd1 41.
Rh6+ Ke7 42. Rh7+ Kd6 43. Kh3 Rh1+ 44. Kg4 Rxh7 0-1

[Event "Norway Chess - Lampo iniziale"]
[Site "Stavanger"]
[Date "18.04.2016"]
[Round "L5"]
[White "Harikrishna, Pentala"]
[Black "Kramnik, Vladimir"]
[Result "0-1"]
[WhiteTitle "GM"]
[BlackTitle "GM"]
[WhiteElo "2763"]
[BlackElo "2801"]
[WhiteFideId "5007003"]
[BlackFideId "4101588"]
[EventDate "2016.04.18"]

1. Nf3 d5 2. c4 e6 3. e3 Nf6 4. b3 Be7 5. Bb2 O-O 6. Be2 dxc4 7. bxc4 c5 8. O-O
Nc6 9. Nc3 b6 10. Qc2 Bb7 11. Rad1 Rc8 12. Qb1 h6 13. Nb5 a6 14. Nc3 Qc7 15. Na4
Nd7 16. Qa1 Bf6 17. Rb1 e5 18. d3 Nb4 19. a3 Nxd3 20. Bxd3 e4 21. Bxf6 Nxf6 22.
Qe5 exd3 23. Nxb6 Qxe5 24. Nxe5 Rcd8 25. Rfd1 Rfe8 26. Na4 Be4 27. Nf3 Nd7 28.
Nd2 Bc6 29. Nc3 Ne5 30. Rb6 Rb8 31. Rdb1 Rxb6 32. Rxb6 Bd7 33. f3 Be6 34. Rxa6
Nxc4 35. Nxc4 Bxc4 36. Rc6 Rxe3 37. Rxc5 d2 38. Rxc4 Rxc3 39. Rd4 Rc1+ 0-1

[Event "Norway Chess - Lampo iniziale"]
[Site "Stavanger"]
[Date "18.04.2016"]
[Round "L5"]
[White "Aronian, Levon"]
[Black "Grandelius, Nils"]
[Result "1/2-1/2"]
[WhiteTitle "GM"]
[BlackTitle "GM"]
[WhiteElo "2784"]
[BlackElo "2649"]
[WhiteFideId "13300474"]
[BlackFideId "1710400"]
[EventDate "2016.04.18"]

1. d4 Nf6 2. Nf3 g6 3. Bg5 Bg7 4. e3 O-O 5. Be2 d6 6. O-O c5 7. Nc3 cxd4 8. exd4
d5 9. Nd2 Nc6 10. Nb3 b6 11. a4 Bb7 12. Re1 h6 13. Bh4 e6 14. a5 Nxa5 15. Nxa5
bxa5 16. Na4 g5 17. Bg3 Ne4 18. c3 Bc6 19. Bd3 Nxg3 20. hxg3 Rb8 21. Re2 Re8 22.
f4 gxf4 23. gxf4 Qh4 24. Qd2 Bf8 25. Qe3 Bd6 26. g3 Qf6 27. Nc5 Bxc5 28. dxc5 a4
29. Bc2 Bb5 30. Rf2 Red8 31. Qd4 Qxd4 32. cxd4 a5 33. Bxa4 Bxa4 34. Rxa4 Rb5 35.
Rc2 Rdb8 36. c6 Rc8 37. Rc5 Rb6 38. Raxa5 Rcxc6 39. b4 Rd6 40. b5 Rd8 41. Ra6
Rdb8 42. Rxb6 Rxb6 43. Kf2 Rb7 44. Ke3 Ra7 45. f5 Ra4 46. fxe6 fxe6 47. Rc7 Rb4
48. Rb7 h5 49. b6 Kf8 50. Kd3 Rb3+ 51. Kc2 Rb5 52. Kc3 Rb1 53. Kc2 Rb4 54. Kd3
Rb1 55. Ke3 Rb4 56. Kf4 Rxd4+ 57. Ke5 Rb4 58. Kxe6 d4 59. Rf7+ Ke8 60. Re7+ Kd8
61. Rd7+ Kc8 62. b7+ Rxb7 63. Rxd4 Rg7 64. Rd3 Rg4 65. Kf5 Kc7 1/2-1/2

[Event "Norway Chess - Lampo iniziale"]
[Site "Stavanger"]
[Date "18.04.2016"]
[Round "L5"]
[White "Eljanov, Pavel"]
[Black "Li, Chao b"]
[Result "1/2-1/2"]
[WhiteTitle "GM"]
[BlackTitle "GM"]
[WhiteElo "2765"]
[BlackElo "2755"]
[WhiteFideId "14102951"]
[BlackFideId "8604436"]
[EventDate "2016.04.18"]

1. d4 Nf6 2. Nf3 g6 3. Bg5 Bg7 4. c3 O-O 5. e3 d6 6. Be2 Nbd7 7. O-O b6 8. a4 a5
9. Na3 Bb7 10. Nb5 c6 11. Na3 Ne4 12. Bh4 h6 13. Nd2 Nxd2 14. Qxd2 Nf6 15. Bf3
Qd7 16. Nc4 Qc7 17. Rfd1 Rfb8 18. e4 g5 19. Bg3 g4 20. Be2 Nxe4 21. Qc2 f5 22.
Ne3 e6 23. Bc4 Qf7 24. Re1 Nxg3 25. hxg3 d5 26. Bd3 c5 27. Rad1 c4 28. Be2 h5
29. b3 cxb3 30. Qxb3 Bc6 31. c4 Kh8 32. cxd5 Bxd5 33. Bc4 Rd8 34. Nxd5 exd5 35.
Bf1 f4 36. Qxb6 fxg3 37. fxg3 Rf8 38. Qb2 Rab8 39. Qd2 Rb4 40. Kh2 Rxd4 41. Qxa5
h4 42. gxh4 Qf4+ 43. g3 Qf2+ 44. Bg2 Rxd1 45. Rxd1 Be5 46. Rd3 Bd4 47. Rd1 Be5
48. Rd3 Bd4 49. Rxd4 Qxd4 50. Qc7 Qg7 51. Qd6 d4 52. a5 Qf6 53. Qd7 Rd8 54. Qxg4
d3 55. Qh5+ Kg7 56. Qg4+ Kf8 57. Qb4+ Kg7 58. Qd2 Qh6 59. Qc3+ Qf6 60. Qd2 Qh6
61. Qc3+ Qf6 62. Qd2 Qh6 1/2-1/2

[Event "Norway Chess - Lampo iniziale"]
[Site "Stavanger"]
[Date "18.04.2016"]
[Round "L6"]
[White "Carlsen, Magnus"]
[Black "Kramnik, Vladimir"]
[Result "1-0"]
[WhiteTitle "GM"]
[BlackTitle "GM"]
[WhiteElo "2851"]
[BlackElo "2801"]
[WhiteFideId "1503014"]
[BlackFideId "4101588"]
[EventDate "2016.04.18"]

1. c4 e6 2. Nc3 d5 3. d4 Nf6 4. cxd5 Nxd5 5. e4 Nxc3 6. bxc3 c5 7. Nf3 cxd4 8.
cxd4 Bb4+ 9. Bd2 Bxd2+ 10. Qxd2 O-O 11. Bc4 Nd7 12. O-O b6 13. a4 Bb7 14. Bd3
Rb8 15. Rfe1 h6 16. a5 b5 17. Rac1 a6 18. Qb4 Rc8 19. Nd2 Rxc1 20. Rxc1 Ne5 21.
Bxb5 axb5 22. dxe5 Qd3 23. h3 Rd8 24. Rc7 Ba8 25. Qe7 Rf8 26. Qd6 Qe2 27. f3
Qe3+ 28. Kh2 Qf4+ 29. Kh1 b4 30. a6 h5 31. a7 h4 32. Qxb4 Qxe5 33. Qc5 Qxc5 34.
Rxc5 Rd8 35. Nc4 Kh7 1-0

[Event "Norway Chess - Lampo iniziale"]
[Site "Stavanger"]
[Date "18.04.2016"]
[Round "L6"]
[White "Grandelius, Nils"]
[Black "Giri, Anish"]
[Result "0-1"]
[WhiteTitle "GM"]
[BlackTitle "GM"]
[WhiteElo "2649"]
[BlackElo "2790"]
[WhiteFideId "1710400"]
[BlackFideId "24116068"]
[EventDate "2016.04.18"]

1. c4 e5 2. g3 c6 3. Nf3 e4 4. Nd4 d5 5. cxd5 Qxd5 6. Nc2 Nf6 7. Nc3 Qe5 8. Bg2
Be7 9. O-O O-O 10. f4 exf3 11. Rxf3 c5 12. Ne3 Nc6 13. Qf1 Nd4 14. Rf4 Be6 15.
b3 Rab8 16. Nc4 Qc7 17. e3 Nc2 18. Rb1 b5 19. Nb2 a6 20. Nd3 c4 21. Nf2 cxb3 22.
axb3 Nxe3 23. dxe3 Qxc3 24. Bb2 Qxe3 25. Bd4 Qd2 26. Kh1 Qc2 27. Ne4 Nxe4 28.
Bxe4 Qc7 29. Rc1 Qa5 30. Qd3 g6 31. Ra1 Qc7 32. Rxa6 Bg5 33. Rf2 Rfe8 34. Bb2
Rbd8 35. Qxb5 Be3 36. Rc2 Rd1+ 37. Kg2 Qd8 38. Kf3 Bd4 39. Bxd4 Rxd4 40. Qc5
Rxe4 41. Kxe4 Bc8+ 0-1